header

Gene cloning and DNA analysis (Record no. 205490)

MARC details
000 -LEADER
fixed length control field 01128nam a2200313Ia 4500
082 04 - DEWEY DECIMAL CLASSIFICATION NUMBER
Classification number 572.8/633
100 1# - MAIN ENTRY--AUTHOR NAME
Personal name Brown, T. A.
245 10 - TITLE STATEMENT
Title Gene cloning and DNA analysis
250 ## - EDITION STATEMENT
Edition statement 6th ed.
260 ## - PUBLICATION, DISTRIBUTION, ETC. (IMPRINT)
Place of publication Hoboken :
Name of publisher Wiley-Blackwell,
Year of publication 2010.
300 ## - PHYSICAL DESCRIPTION
Number of Pages xvi, 320 p.
650 #0 - SUBJECT ADDED ENTRY--TOPICAL TERM
Topical Term Molecular cloning.
Topical Term Nucleotide sequence.
Topical Term DNA
856 40 - ELECTRONIC LOCATION AND ACCESS
Uniform Resource Identifier http://site.ebrary.com/lib/rucke/Doc?id=10387072

No items available.

© 2026 Rongo University
Contact us: librarian | system librarian | Rongo university